| 000 | 00000nam 2200000zi 4500 |
| 001 | 9.936255 |
| 003 | CaOODSP |
| 005 | 20240403110705 |
| 006 | m o d f |
| 007 | cr |n |||||||| |
| 008 | 240403s1990 onc ow f001 0 eng d |
| 020 | |z0662574485 |
| 040 | |aCaOODSP|beng|erda|cCaOODSP |
| 041 | |aeng|afre |
| 043 | |an-cn--- |
| 086 | 1 |aSE3-133/1990-PDF|zYX76-E2/1990 |
| 240 | 10|aCanada Elections Act |
| 245 | 00|aIndexed copy : |bCanada Elections Act, 1990 : R.S., 1985, c. E-2 amended by R.S., 1985, c. 27 (2nd Supp.), 1989, c. 28 = Exemplaire indexé : Loi électorale du Canada, 1990 : L.R. (1985), ch. E-2 modifiée par L.R. (1985), ch. 27 (2e suppl.), 1989, ch. 28. |
| 246 | 11|aExemplaire indexé : |bLoi électorale du Canada, 1990 : L.R. (1985), ch. E-2 modifiée par L.R. (1985), ch. 27 (2e suppl.), 1989, ch. 28 |
| 264 | 1|a[Ottawa] : |bChief Electoral Officer of Canada, |c1990. |
| 300 | |a1 online resource (279, 17, 18, 8 pages) |
| 336 | |atext|btxt|2rdacontent |
| 337 | |acomputer|bc|2rdamedia |
| 338 | |aonline resource|bcr|2rdacarrier |
| 500 | |aDigitized edition from print [by Department of Justice Canada]. |
| 500 | |aIncludes index. |
| 546 | |aText in English and French in parallel columns. |
| 650 | 0|aElection law|zCanada. |
| 710 | 1 |aCanada.|bOffice of the Chief Electoral Officer, |eissuing body. |
| 792 | |tIndexed copy : |efre|w(CaOODSP)9.936256 |
| 856 | 40|qPDF|s8.58 MB|uhttps://publications.gc.ca/collections/collection_2024/jus/SE3-133-1990.pdf |